000 00284nam a22001217a 4500
008 171014b xxu||||| |||| 00| 0 eng d
041 _aeng
080 _a330.101.541
100 _a52
101 _aMAK
245 _aMACROECONOMICS AND MONETARY THEORY
_cJOHNSON, H.G
942 _2udc
_cBK
999 _c33879
_d33879